| 000 | 00378pab a2200145 454500 | ||
|---|---|---|---|
| 008 | 180718b xxu||||| |||| 00| 0 eng d | ||
| 100 | _aMohanty, Jagannath | ||
| 245 | _aCountrywide classroom television programmes: an appraisal | ||
| 650 | _a Teaching | ||
| 650 | _a Appraisal | ||
| 650 | _aTelevision | ||
| 700 | _aHarekrushna, Sahoo | ||
| 773 | _aUniversity News | ||
| 909 | _a2169 | ||
| 999 |
_c2169 _d2169 |
||